000 00336nas a2200145 a 4500
001 69717
003 143627
005 20201118110703.0
008 ||||||n9999 ||| || ||
245 0 _aCoyuntura Económica - Vol.11 No.1,2,3,4
260 _c1972.
562 _e0
773 _017193
_aCoyuntura Económica
942 _cSISS
999 _c69717
_d69717